00393nam a2200145Ia 4500008004100000020001500041041001200056082001600068100002000084245006600104260003900170300000700209650001500216700001600231221030s9999 xx 000 0 und d a8120003500 aEnglish a105.23bVas aV. P. Vasandani 0aTreatise on Heat Engineeringcby V. P. Vasandani, D. S. Kumar bMetropolitan Pub.aNew Delhic2000 a24 aMechanical aD. S. Kumar